[Event "Mittelfrank Regionalliga Sud-Ost 2122"]
[Site "Mittelfranken"]
[Date "2022.03.20"]
[Round "4.6"]
[White "Mednikov, Felix"]
[Black "Bittner, Rudolf Jr"]
[Result "1/2-1/2"]
[WhiteElo "1585"]
[BlackElo "1897"]
[PlyCount "105"]
[EventDate "2021.10.24"]
[EventType "team-tourn"]
[EventRounds "9"]
[EventCountry "GER"]
[SourceTitle "EXT 2024"]
[Source "ChessBase"]
[SourceDate "2023.10.10"]
[SourceVersion "1"]
[SourceVersionDate "2023.10.10"]
[SourceQuality "1"]
[WhiteTeam "Ortenburg"]
[BlackTeam "Passau II"]
[WhiteTeamCountry "GER"]
[BlackTeamCountry "GER"]

1. d4 d5 2. Nf3 a6 3. Bf4 e6 4. e3 Nf6 5. Bd3 c5 6. c3 Nc6 7. Nbd2 c4 8. Bc2 b5 9. a3 Bb7 10. 0-0 Bd6 11. Ne5 Qc7 12. Ndf3 h6 13. h4 Nd7 14. Nxd7 Kxd7 15. Bxd6 Qxd6 16. Nh2 Raf8 17. f4 f5 18. Nf3 Qe7 19. Qe1 g6 20. a4 Kc7 21. b4 Kb6 22. Ra2 Ra8 23. Qg3 Qf6 24. Rfa1 Rhg8 25. Qf2 Qe7 26. Qe1 Rad8 27. Qf2 Ra8 28. Qg3 Rad8 29. Bd1 Ra8 30. axb5 axb5 31. Rxa8 Bxa8 32. Qf2 Bb7 33. Qg3 Qf7 34. Kf2 Ra8 35. Rxa8 Bxa8 36. Ke1 Bb7 37. Kd2 Bc8 38. Bc2 Bd7 39. Qe1 Be8 40. Qa1 Qa7 41. Qb2 Kc7 42. Bb1 Kd6 43. Qa2 Qxa2+ 44. Bxa2 Ke7 45. Ke2 Kf6 46. Kf2 Na7 47. Bb1 Nc8 48. Ne5 Nb6 49. g4 Na4 50. g5+ hxg5 51. hxg5+ Ke7 52. Nf3 Nxc3 53. Nd2 1/2-1/2

[Event "Niederbayern-ch"]
[Site "Ortenburg"]
[Date "2019.04.27"]
[Round "6"]
[White "Mednikov, Felix"]
[Black "Stadler, Alexander"]
[Result "0-1"]
[WhiteElo "1576"]
[BlackElo "2166"]
[PlyCount "88"]
[EventDate "2019.04.25"]
[EventType "swiss"]
[EventRounds "7"]
[EventCountry "GER"]
[SourceTitle "EXT 2023"]
[Source "ChessBase"]
[SourceDate "2022.10.05"]
[SourceVersion "1"]
[SourceVersionDate "2022.10.05"]
[SourceQuality "1"]

1. d4 d5 2. Nf3 Nf6 3. Bf4 e6 4. Nbd2 Bd6 5. Bxd6 Qxd6 6. Ne5 b6 7. e3 0-0 8. c4 c5 9. Ndf3 cxd4 10. exd4 dxc4 11. Bxc4 Qb4+ 12. Qd2 Qxd2+ 13. Nxd2 Rd8 14. Ndf3 Bb7 15. 0-0-0 Nbd7 16. Nxd7 Rxd7 17. Ne5 Rc7 18. Kb1 Bxg2 19. Rhg1 Be4+ 20. Ka1 Rac8 21. Bb3 Nd5 22. a3 a5 23. f3 Bc2 24. Bxc2 Rxc2 25. h4 R8c3 26. Rd3 Rc1+ 27. Rxc1 Rxc1+ 28. Ka2 Rh1 29. Nd7 Rxh4 30. Nxb6 Nxb6 31. Rb3 Nd7 32. Rb5 Rxd4 33. Rxa5 g6 34. b4 h5 35. b5 h4 36. Ra8+ Kg7 37. Rd8 h3 38. b6 h2 39. b7 h1Q 40. Rxd7 Qg2+ 41. Kb3 Qxf3+ 42. Kb2 Qe2+ 43. Kb1 Rxd7 44. b8Q Rd1# 0-1

[Event "Niederbayern-ch"]
[Site "Ortenburg"]
[Date "2019.04.26"]
[Round "3"]
[White "Haselbeck, Franz"]
[Black "Mednikov, Felix"]
[Result "1-0"]
[WhiteElo "1880"]
[BlackElo "1576"]
[PlyCount "141"]
[EventDate "2019.04.25"]
[EventType "swiss"]
[EventRounds "7"]
[EventCountry "GER"]
[SourceTitle "EXT 2023"]
[Source "ChessBase"]
[SourceDate "2022.10.05"]
[SourceVersion "1"]
[SourceVersionDate "2022.10.05"]
[SourceQuality "1"]

1. Nf3 c6 2. g3 d5 3. Bg2 Nd7 4. 0-0 e5 5. d3 h6 6. Nbd2 g5 7. e4 d4 8. c3 c5 9. Nc4 Qe7 10. a4 Bg7 11. cxd4 cxd4 12. b3 Qe6 13. Ba3 Bf8 14. Bxf8 Kxf8 15. Qd2 Ne7 16. Qb4 Kg7 17. Rac1 Nc6 18. Qa3 a5 19. Nd6 Ne7 20. Nb5 Qf6 21. Rc7 b6 22. Rfc1 Nc5 23. R1xc5 bxc5 24. Qxc5 Ng6 25. Nd6 Be6 26. Nd2 Rhb8 27. Nf5+ Kh7 28. Qc6 Rc8 29. Nc4 Rxc7 30. Qxc7 Qd8 31. Qc5 Qc8 32. Qa3 Qc7 33. Qc1 Qc5 34. h4 f6 35. hxg5 fxg5 36. Qd1 Rb8 37. Qh5 Qf8 38. Nd2 Bxb3 39. Nf3 Rb6 40. Nxg5+ Kh8 41. Nxh6 Nf4 42. Nhf7+ Kg7 43. Qh7+ Kf6 44. gxf4 Bxf7 45. Qf5+ Kg7 46. Qxe5+ Kg8 47. Qxd4 Rb1+ 48. Kh2 Rb4 49. Qd7 Rb6 50. Bh3 Rd6 51. Qg4 Qg7 52. Qc8+ Qf8 53. Qc3 Qd8 54. Nxf7 Kxf7 55. Qe5 Rxd3 56. Be6+ Kf8 57. Qf5+ Ke7 58. Qf7+ Kd6 59. e5+ Kc5 60. Qh7 Qd4 61. Qa7+ Kb4 62. Qxd4+ Rxd4 63. Kg3 Kxa4 64. f5 Re4 65. Bd7+ Kb4 66. e6 Kc5 67. f3 Re1 68. Kf4 Kd6 69. Kg5 Rg1+ 70. Kf6 Re1 71. Kf7 1-0